Modern Electronic Instrumentation and Measurement Techniques (Record no. 453)

MARC details
000 -LEADER
fixed length control field 00351nam a2200133Ia 4500
008 - FIXED-LENGTH DATA ELEMENTS--GENERAL INFORMATION
fixed length control field 191201s2008 xx 000 0 und d
082 ## - DEWEY DECIMAL CLASSIFICATION NUMBER
Classification number 621.37
Item number HEM
100 ## - MAIN ENTRY--PERSONAL NAME
Personal name HELFRICK, Albert D
245 #0 - TITLE STATEMENT
Title Modern Electronic Instrumentation and Measurement Techniques
260 ## - PUBLICATION, DISTRIBUTION, ETC. (IMPRINT)
Place of publication, distribution, etc N.Delhi
Name of publisher, distributor, etc PHI
Date of publication, distribution, etc 2008
300 ## - PHYSICAL DESCRIPTION
Extent 445
650 ## - SUBJECT ADDED ENTRY--TOPICAL TERM
Topical term or geographic name as entry element B.Tech(ECE)
942 ## - ADDED ENTRY ELEMENTS (KOHA)
Source of classification or shelving scheme Dewey Decimal Classification
Koha item type Text Books
Holdings
Withdrawn status Lost status Source of classification or shelving scheme Damaged status Not for loan Collection code Home library Current library Date acquired Source of acquisition Bill Number Total Checkouts Full call number Acc. no. / Barcode Date last seen Bill Date Koha item type Public note Cost, normal purchase price
    Dewey Decimal Classification     B.Tech(ECE) PIET C-LIBRARY PIET C-LIBRARY 04/12/2009 Donated by Management Donated by Management   621.37 HEM 13949 04/12/2019 14/11/2009 Text Books Donated By Management  
    Dewey Decimal Classification     B.Tech(ECE) PIET C-LIBRARY PIET C-LIBRARY 04/12/2009 Donated by Management Donated by Management   621.37 HEM 13950 04/12/2019 14/11/2009 Text Books Donated By Management  
    Dewey Decimal Classification     B.Tech(ECE) PIET C-LIBRARY PIET C-LIBRARY 20/08/2006 M/s UBS, Delhi 125382   621.37 HEM 3145 04/12/2019 23/08/2005 Text Books   250.00
    Dewey Decimal Classification     B.Tech(ECE) PIET C-LIBRARY PIET C-LIBRARY 31/03/2008 Technical Book 2723   621.37 HEM 8735 04/12/2019 27/02/2008 Text Books   195.00
    Dewey Decimal Classification     B.Tech(ECE) PIET C-LIBRARY PIET C-LIBRARY 31/03/2008 Technical Book 2723   621.37 HEM 8736 04/12/2019 27/02/2008 Text Books   195.00
    Dewey Decimal Classification     B.Tech(ECE) PIET C-LIBRARY PIET C-LIBRARY 31/03/2008 Technical Book 2723   621.37 HEM 8737 04/12/2019 27/02/2008 Text Books   195.00

Design & Developed by: PIET Central Library
R70 Miles Stone Pattikalyana Samalkha Panipat 132102
mail ID :- [email protected], Phone No:- 0180-2569700 Ex.216